MDQL
is popping MORE tags! Check the
thread
!
Quizzes
Events
Quiz Creation
Community
Videos
Private Events
Remove Ads
Sign In
Join for FREE
Feedback
Dark Mode
Quiz Categories
Sports
Geography
Music
Movies
Television
Just For Fun
Miscellaneous
History
Literature
Language
Science
Gaming
Entertainment
Religion
Holiday
For Kids
Quiz Lab
Recent
Popular Today
Quiz Kudos Today
Editor Picks
Curator Picks
Quizzes by...
Day
Popularity
Type
Ratings
Length
Year
Community
Subscriptions
Recent Discussions
Orange Saloon
Badges
Playlists
Quests
Create
Leaderboards
Showdown
Live 5
Trivia Bingo
Activity
Puzzle Library
Sporcle Events
Private Events
Virtual Trivia
Globe League
Become a Host
Pub Owners
SporcleCon
Opinionation
Our Games
Videos
Blog
Mobile Apps
Partnerships
Remove Ads and Go Orange
Feedback
Sports
Athletes
MLB
NBA
NHL
NFL
Soccer
Sports Teams
WWE
NCAA
Football
Premier League
Basketball
Baseball
Hockey
Golf
Tennis
Cricket
Rugby
Auto Racing
Olympics
World Cup
Sports
Athletes
MLB
NBA
NHL
NFL
Soccer
Sports Teams
WWE
NCAA
Football
Premier League
Basketball
Baseball
Hockey
Golf
Tennis
Cricket
Rugby
Auto Racing
Olympics
World Cup
Random Quiz
Search Sporcle
×
Quiz Lab
Quiz Lab
Sports
Auto Racing
Type in answers that appear in a list
Type in answers that appear in a list
Classic
Best Score? Go Orange.
Indy by the Numbers: 6 Stats
Can you name the drivers whose cars have carried the number 6 at the Indianapolis 500?
By
RacingGuru2698
10m
79 Questions
40 Plays
40 Plays
40 Plays
Comments
Comments
Give Quiz Kudos
Give Quiz Kudos
-
- Ratings
hide this ad
Replay
Link that replays current quiz
Next Quiz
Link to next quiz in quiz playlist
You Got
0%
They Got
Avg Score
37%
Avg Friend Score
Upgrade to see
Score Distribution
Jump to the score distribution portion of the page
Score
0/79
Timer
10:00
0
Plays Today
Year
Driver
% Correct
1963
Bobby Unser
75%
1967
Bobby Unser
75%
1972
Bobby Unser
75%
1977
Bobby Unser
75%
2008
Ryan Briscoe
75%
2009
Ryan Briscoe
75%
2010
Ryan Briscoe
75%
2011
Ryan Briscoe
75%
1976
Mario Andretti
72.5%
1988
Mario Andretti
72.5%
1989
Michael Andretti
72.5%
1990
Mario Andretti
72.5%
1991
Mario Andretti
72.5%
1993
Mario Andretti
72.5%
1994
Mario Andretti
72.5%
1995
Michael Andretti
72.5%
2007
Sam Hornish, Jr.
70%
2004
Sam Hornish, Jr.
70%
2005
Sam Hornish, Jr.
70%
2006
Sam Hornish, Jr.
70%
1981
Rick Mears
60%
1984
Rick Mears
60%
2002
Gil de Ferran
57.5%
2003
Gil de Ferran
57.5%
1969
A.J. Foyt
55%
2018
Robert Wickens
55%
1975
Billy Vukovich, Jr.
52.5%
1948
Tony Bettenhausen
50%
1937
Wilbur Shaw
45%
1964
Jim Clark
45%
1992
Arie Luyendyk
42.5%
1955
Bob Sweikert
40%
1960
Eddie Sachs
40%
1971
Roger McCluskey
40%
1978
Wally Dallenbach
37.5%
1979
Wally Dallenbach
37.5%
2014
Townsend Bell
37.5%
2015
J.R. Hildebrand
37.5%
2016
J.R. Hildebrand
37.5%
1959
Jimmy Bryan
35%
Year
Driver
% Correct
1985
Pancho Carter
35%
1966
Joe Leonard
32.5%
1997
Scott Goodyear
32.5%
1935
Al Gordon
30%
1949
Lee Wallard
30%
1998
Davey Hamilton
30%
2013
Sebastian Saavedra
27.5%
2012
Katherine Legge
25%
1927
Tommy Milton
22.5%
1999
Eliseo Salazar
20%
1911
Frank Fox
17.5%
1914
Jules Goux
17.5%
1919
Jules Goux
17.5%
1932
Howdy Wilcox II
17.5%
1973
Mike Hiss
15%
1930
Bill Cummings
12.5%
2000
Jeret Schroeder
12.5%
1912
Eddie Hearne
10%
1923
Eddie Hearne
10%
1929
Louis Chiron
10%
1933
Cliff Bergere
10%
1986
Rich Vogler
10%
1920
Joe Boyer
7.5%
1924
Ira Vail
7.5%
1936
Chet Gardner
7.5%
1938
Jimmy Snyder
7.5%
2001
Jon Herb
7.5%
1913
Jack Tower
5%
1915
Jean Porporato
5%
1921
Roscoe Sarles
5%
1922
Art Klein
5%
1925
Harry Hartz
5%
1926
Frank Elliott
5%
1928
Earl DeVore
5%
1934
Dave Evans
5%
1940
George Barringer
5%
1951
Duke Dinsmore
5%
1956
Johnny Boyd
5%
1968
Bobby Grim
5%
Quiz Playlist
Details
Report
Send in Message
Add To Playlist
Classic:
Type in answers that appear in a list
Last Updated: Dec 16, 2018
Quiz Scoreboard
CHALLENGE
Sign Up to Join the Scoreboard
Show All
Scores
Hide
Comments
May contain spoilers
Recently Published
Find the 'City' Movie
by crazypaving
Movies
60s
5x2 Blitz: Bands
by SL_Kpop136
Music
30s
Colored Red Africa Blitz
by spor1
Geography
30s
More to Explore
Quiz From the Vault
Featured Blog Post
14 Easter Pick-up Lines to Find Eggs With
hide this ad
You Might Also Like...
Tags
Auto Racing Quiz
Indy 500
Indycar
Today's Top Quizzes in Sports
Browse Sports
hide this ad
Today's Top Quizzes in Auto Racing
Browse Auto Racing
Top Contributed Quizzes in Sports
1
Players with Multiple 50 Home Run Seasons
2
Les entraîneurs de l'OM et du PSG au 21e siècle
3
Criteria MLB: Left Handed Sluggers
4
2022 World Cup Stars
5
Les meilleurs buteurs des matchs entre le PSG et l’OM
6
Who Hit More Homers?
7
Les joueurs passés par le PSG et l'OM
8
NBA Logic Puzzle 2.0
9
Top 10 NHL Goal Scorers of All Time
10
MLB Players with Two .350 Batting Average Seasons
Explore More
Trending Topics
Disney
Marvel
Anime
Kpop
Harry Potter
Crossword
NBA
NFL
Pokémon
Country
Song
Puzzle
WWE
The Office
Soccer
hide this ad
More By:
RacingGuru2698
Quiz
Plays
Rating
Category
Featured
Created
Winningest F1 Drivers by Country
4,005
4.65
Sports
Jun 11, 2018
Who Won My Very First Grand Prix?
2,556
4.86
Sports
Apr 26, 2020
2018 NFL All Pros
2,058
3.89
Sports
Jan 4, 2019
Indianapolis 500 Winners
1,548
4.47
Sports
Jan 24, 2016
Indy 500 Trivia: Most Laps Led But Didn't Win the Race
1,402
5.00
Sports
May 15, 2016
Go to Creator's Profile
Score Distribution
Quiz Creator Spotlight
RacingGuru2698
Follow
Send a Message
Quizzes Created
-
Created Quiz Play Count
-
More By This Creator
Popular Quizzes Today
1
Colored Red Africa Blitz
2
Find the US States - No Outlines Minefield
3
Find the 'City' Movie
4
5x2 Blitz: Bands
5
The Countries of the World
6
Find the US States
7
US States
8
9x9 Crossword: Cartoon Network
More Sports Quizzes
Football Rivalries: England I
Curator's Pick
Trending Quizzes
Colored Red Europe Blitz I
Colored Red Europe Blitz II
Colored Red Africa Blitz II
Colored Red Europe Blitz III
Colored Red Africa Blitz III
Recently Updated
Godzilla Movies
pecheneg
Grab Bag: 4-10 Letters
pecheneg
2024 March Madness Bracket
pecheneg
Famous TV Couples
Peacemaker
Champions League XIs: Real Madrid
pecheneg
Largest US Cities 1790-2010
pecheneg
Rides in Walt Disney World
pecheneg
Most Oscar Losses (Acting)
pecheneg
Beyoncé Albums
pecheneg
Leaping Animals
pecheneg
Trending Topics
Harry Potter
Anime
Disney
NBA
Marvel
Crossword
Kpop
Song
NFL
Puzzle
WWE
Country
The Office
Pokémon
Soccer
Your Account Isn't Verified!
In order to create a playlist on Sporcle, you need to verify the email address you used during registration. Go to your
Sporcle Settings
to finish the process.
Report this User
Report this user for behavior that violates our
Community Guidelines
.
Details:
Send Report
Go to the Sporcle.com Mobile Site →
Comments